| 000 | 01077cam a22002652 4500 | ||
|---|---|---|---|
| 001 | 0000020873 | ||
| 005 | 20151217152223.0 | ||
| 008 | 111025s xx 000 0 eng d | ||
| 020 | _a9966723730 : | ||
| 040 |
_aKABU _cKABU |
||
| 100 | 1 |
_aJesse, James E. M. C. _@0000181522 |
|
| 245 | 1 | 4 |
_aThe freedom of speech for members of parliament in Tazania : _ban appraisal of law and practice in light of International human rights law and best practices / _cJames E. M. C. Jesse. |
| 250 | _a1st ed. | ||
| 260 |
_aNairobi, Kenya : _bLawAfrica, _c2009. |
||
| 300 | _axvi, 94 p. | ||
| 650 | 0 |
_aFreedom of speech _zTanzania. _@0000181523 |
|
| 650 | 0 |
_aLegislators _zTanzania. _@0000181524 |
|
| 852 | 1 | _9p500 KES | |
| 852 | 1 | _9p500 KES | |
| 852 | 1 | _9p500 KES | |
| 852 | 1 | _9p500 KES | |
| 852 | 1 | _9p500 KES | |
| 908 | _a111025 | ||
| 950 | _@1 | ||
| 999 |
_c9536 _d9536 |
||